| 000 | 02317nam a2200217Ia 4500 | ||
|---|---|---|---|
| 003 | Ost | ||
| 005 | 20260507075007.0 | ||
| 008 | 260507s9999||||xx |||||||||||||| ||und|| | ||
| 040 | _cfsecg | ||
| 041 | _aara | ||
| 082 | _a345 | ||
| 100 |
_aخليفة، محمد _eمؤلف |
||
| 245 | 0 |
_aالحماية الجنائية لمعطيات الحاسب الآلى في القانون الجزائري والمقارن / _c محمد خليفة |
|
| 260 |
_aالاسكندرية: _bدار الجامعة الجديدة, _c2007 |
||
| 300 |
_a251 صفحة؛ _c25 سم |
||
| 520 | _aيضم الكتاب أهمية الحماية الجنائية لمعطيات الحاسب الألي، ضعف جهاز الحاسب الألي ، المكونات الاساسية للحاسب الالي ، نظام المعالجة الألية للمعطيات ، قصور الحماية الفنية لمعطيات الحاسب الالي ،خصائص جرائم المعطيات وتقنيات ارتكابها ، خصائص جرائم المعطيات ، تقنيات ارتكاب جرائم المعطيات ، تطور الحماية الجنائية على المستوى الدولي ، ماهية الجرائم الواقعة على معطيات الحاسب الالي ، نقد المعايير السابقة معايير المصلحة المحمية ، موقع جرائم المعطيات بين مختلف الجرائم مفهوم معطيات الحاسب الالي، أنواع المعطيات ، الطبيعة القانونية للمعطيات ، تمييز جرائم المعطيات عما يلتبس بها من جرائم تقليدية ،تمييز جرائم المعطيات عما يلتبس بها من جرائم معلوماتية ، النظام القانوني للجرائم الواقعة على معطيات الالي ، الاحكام المشتركة لجرائم المعطيات ، جريمة الدخول والبقاء غير المصرح بهما جريمة التلاعب بمعطيات الحاسب الالي ، جريمة التعامل في معطيات غير مشروعة . | ||
| 653 | _aالجزائر - الجريمة والمجرمون | ||
| 653 | _aالحاسبات الإلكترونية | ||
| 653 | _aالقانون الجنائي- الجزائر | ||
| 942 | _cكتاب | ||
| 999 |
_c42128 _d42128 |
||